| 000 | 00634nam a2200217 a 4500 | ||
|---|---|---|---|
| 001 | BRL_608 | ||
| 005 | 20190320210823.0 | ||
| 008 | 100913s1963----gw-#######---#000-0#ger-# | ||
| 041 | _ager | ||
| 044 | _agw | ||
| 050 | 4 |
_aPN6231.J5 _b.L36 1963 |
|
| 100 | 1 |
_aLandmann, Salcia _924419 |
|
| 245 | 1 | 0 |
_aJüdische Witze _causgewählt und eingeleitet von Salcia Landmann von Salcia Landmann |
| 260 |
_aMünchen _bDeutcher Taschenbuch Verlag _c1963 |
||
| 300 |
_a269 p. _c18 cm. |
||
| 500 | _aAu684 | ||
| 650 | 1 | 4 |
_aHumorismo _xJudios _924420 |
| 650 | 1 | 4 |
_aJudios _xAnecdotas, chistes, satiras, etc. _924421 |
| 902 | _aGRL | ||
| 942 |
_2lcc _cB |
||
| 999 |
_c9420 _d9420 |
||